[Event "TV2 Elo Open 2017"]
[Site "Fagernes NOR"]
[Date "2017.04.11"]
[Round "3"]
[White "Warstad,Leif E"]
[Black "Lang,Gu jr"]
[Result "1-0"]
[WhiteElo "1628"]
[BlackElo "1753"]

1.d4 Nf6 2.Nf3 e6 3.c4 Bb4+ 4.Bd2 Bxd2+ 5.Nbxd2 d5 6.e3 c6 7.Bd3 Nbd7 8.O-O
Qe7 9.Rb1 e5 10.dxe5 Nxe5 11.Nxe5 Qxe5 12.Nf3 Qh5 13.Be2 O-O 14.Qd4 Bf5
15.Rbc1 Be4 16.Rfe1 dxc4 17.Qxc4 Bd5 18.Qb4 a5 19.Qb6 Qg4 20.a3 Ne4 21.Nd4 Qh4
22.g3 Qh3 23.Bf1 Qh5 24.Bg2 c5 25.Ne2 Ra6 26.Qc7 Rh6 27.h4 g5 28.Qe5 gxh4
29.Qxh5 Rxh5 30.Nf4 Nxf2 31.Bxd5 Rxd5 32.Kxf2 hxg3+ 33.Kxg3 Rd2 34.Rxc5 Rxb2
35.Rxa5 Kh8 36.Re2 Rb1 37.a4 Rg8+ 38.Kf3 Rf1+ 39.Rf2 Rb1 40.Nd3 Re8 {#r} 1-0

[Event "TV2 Elo Open 2017"]
[Site "Fagernes NOR"]
[Date "2017.04.11"]
[Round "3"]
[White "Gressli,Kristoffer"]
[Black "Greibrokk,Maria"]
[Result "1-0"]
[WhiteElo "1752"]
[BlackElo "1638"]

1.d4 Nf6 2.c4 g6 3.Nc3 Bg7 4.e4 d6 5.h3 O-O 6.Bg5 c5 7.d5 Bd7 8.Qd2 Na6 9.a3
Nc7 10.Bd3 a6 11.a4 Rb8 12.Nge2 b5 13.axb5 axb5 14.O-O bxc4 15.Bxc4 Rb4 16.b3
Rb7 17.f3 Bb5 18.Nxb5 Nxb5 19.Ra5 Qd7 20.b4 cxb4 21.Qxb4 Rfb8 22.Rxb5 Rxb5
23.Bxb5 Rxb5 24.Qa4 Qb7 25.Bh4 Rb4 26.Qa5 Qb8 27.Bf2 Nd7 28.Rc1 Rb5 29.Qc7 Ne5
30.Qc8+ Bf8 31.Be3 Kg7 32.Nd4 Rb2 33.Qxb8 Rxb8 34.Nc6 Rb7 35.Bd4 f6 36.Nd8 Rd7
37.Ne6+ Kf7 38.Rc8 Bh6 39.Rh8 Bd2 40.Rf8# 1-0

[Event "TV2 Elo Open 2017"]
[Site "Fagernes NOR"]
[Date "2017.04.11"]
[Round "3"]
[White "Lahlum,I"]
[Black "Krogseth,Lars Martin"]
[Result "1-0"]
[WhiteElo "1742"]
[BlackElo "1618"]

1.c4 e5 2.Nc3 Nf6 3.g3 c6 4.Bg2 Bc5 5.e4 d6 6.h3 Be6 7.d3 Qb6 8.Qe2 Nbd7 9.Nf3
h6 10.O-O Qc7 11.Na4 Bb6 12.Nxb6 Qxb6 13.Be3 Qc7 14.Rfc1 c5 15.a3 O-O 16.b4 b6
17.Nh4 Rfe8 18.Nf5 Bxf5 19.exf5 Rad8 20.Bd2 Nb8 21.b5 Re7 22.a4 Rde8 23.Be4
Nxe4 24.dxe4 Nd7 25.g4 f6 26.h4 Nf8 27.g5 hxg5 28.hxg5 fxg5 29.Bxg5 Rd7 30.Qh5
Rc8 31.Rc3 Nh7 32.Rh3 Nxg5 33.Qxg5 Kf7 34.Qg6+ Kg8 35.Raa3 Rf8 36.Qe6+ Rff7
37.Rh2 Re7 38.Qd5 Kf8 39.Rh8# 1-0

[Event "TV2 Elo Open 2017"]
[Site "Fagernes NOR"]
[Date "2017.04.11"]
[Round "3"]
[White "Mjaaland,Bendik"]
[Black "Brobakken,Lars Erik"]
[Result "1-0"]
[WhiteElo "1536"]
[BlackElo "1740"]

1.e4 c5 2.Nc3 g6 3.f4 Bg7 4.Nf3 Nc6 5.Bb5 Nd4 6.O-O Nxb5 7.Nxb5 Nf6 8.d3 d6
9.Qe1 a6 10.Nc3 O-O 11.a4 b6 12.Qh4 Bb7 13.f5 Nd7 14.Bh6 e6 15.Ng5 Bf6 16.fxg6
fxg6 17.Qg4 Bd4+ 18.Kh1 Re8 19.Rf7 Bc8 20.Raf1 Bf6 21.Rxh7 Ne5 22.Qh4 Re7
23.Rxf6 Rxh7 24.Nxh7 Kxh7 25.Bf4+ Kg7 26.Bxe5 Qc7 27.Rf7+ {#r} 1-0

[Event "TV2 Elo Open 2017"]
[Site "Fagernes NOR"]
[Date "2017.04.11"]
[Round "3"]
[White "Merkesvik,Amalie Isabel"]
[Black "Gaure,Sigurd Lauvas"]
[Result "1-0"]
[WhiteElo "1714"]
[BlackElo "1504"]

1.e4 c5 2.Nf3 d6 3.d4 cxd4 4.Nxd4 Nf6 5.f3 g6 6.c4 Bg7 7.Be3 O-O 8.Nc3 Nc6
9.Qd2 Bd7 10.Be2 a6 11.O-O Qc7 12.Kh1 Rab8 13.b3 Rfe8 14.Rac1 Qa5 15.Qe1 Qc7
16.Nd5 Qd8 17.Qf2 e6 18.Nxc6 bxc6 19.Bb6 Rxb6 20.Nxb6 d5 21.cxd5 cxd5 22.e5
Nh5 23.f4 Nxf4 24.Qxf4 Qxb6 25.Qxf7+ Kh8 26.Qxd7 Qd8 27.Qxd8 Rxd8 28.Bxa6 Bxe5
29.Rfe1 Rd6 30.Bc8 Bf4 31.Rc2 d4 32.Rxe6 d3 33.Rf2 Rd8 34.Re1 Be3 35.Rxe3 d2
36.Rxd2 Rxd2 37.Re1 Rxa2 38.Be6 Rb2 39.Bc4 Kg7 40.Kg1 Kf6 41.Kf1 h5 42.Re2
Rb1+ 43.Kf2 Kf5 44.Bd3+ {#r} 1-0

[Event "TV2 Elo Open 2017"]
[Site "Fagernes NOR"]
[Date "2017.04.11"]
[Round "3"]
[White "Hina,Ariza"]
[Black "Olsen,Alf Marius Foss"]
[Result "0-1"]
[WhiteElo "1525"]
[BlackElo "1712"]

1.e4 c5 2.b4 cxb4 3.a3 d5 4.exd5 Qxd5 5.Nf3 Bg4 6.Bb2 Nc6 7.axb4 Qe4+ 8.Be2
Bxf3 9.gxf3 Qxb4 10.Bc3 Qf4 11.Na3 e5 12.Nb5 e4 13.fxe4 a6 14.Bf3 Rd8 15.Na3
Nf6 16.Qe2 Nd4 17.Bxd4 Rxd4 18.e5 Ne4 19.d3 Bb4+ 20.c3 Nxc3 21.Qc2 Qxf3 22.Rg1
Ne4+ 23.Kf1 Nd2+ 24.Ke1 Nc4+ 25.Kf1 Ne3# 0-1

[Event "TV2 Elo Open 2017"]
[Site "Fagernes NOR"]
[Date "2017.04.11"]
[Round "3"]
[White "Engevik,Sissel Merete"]
[Black "Rist,Karl-Johan"]
[Result "0-1"]
[WhiteElo "1185"]
[BlackElo "1563"]

1.e4 e6 2.Nf3 d5 3.d3 dxe4 4.dxe4 Qxd1+ 5.Kxd1 Nf6 6.e5 Nfd7 7.Bc4 b6 8.Re1
Bb7 9.Bf4 Bc5 10.Re2 Nc6 11.Nbd2 Ne7 12.g4 Rd8 13.Bg5 Bxf3 14.Nxf3 Nxe5+
15.Bd2 Nxf3 16.Bb5+ c6 17.Bd3 Nxh2 18.f3 Nxf3 19.Be3 Bxe3 20.Rxe3 Ng5 21.Ke2
Nd5 22.Rg3 O-O 23.c4 Nf4+ {#R} 0-1

[Event "TV2 Elo Open 2017"]
[Site "Fagernes NOR"]
[Date "2017.04.11"]
[Round "4"]
[White "Gundersen,I"]
[Black "Mjaaland,Bendik"]
[Result "1-0"]
[WhiteElo "1825"]
[BlackElo "1536"]

1.e4 e5 2.f4 d5 3.exd5 c6 4.Nc3 exf4 5.Nf3 Bd6 6.d4 Ne7 7.dxc6 Nbxc6 8.Bc4 O-O
9.O-O Bg4 10.Ne4 Bc7 11.c3 Nf5 12.Qc2 h6 13.Bd2 Rc8 14.a4 Bb8 15.b3 Nce7
16.Ne5 Bxe5 17.dxe5 f3 18.Rf2 Nd5 19.Re1 Nb6 20.Bd3 fxg2 21.Nf6+ gxf6 22.Bxf5
Bxf5 23.Qxf5 fxe5 24.Rxg2+ {#r} 1-0

[Event "TV2 Elo Open 2017"]
[Site "Fagernes NOR"]
[Date "2017.04.11"]
[Round "4"]
[White "Sebastian,Andreas"]
[Black "Engevik,Bjarne J."]
[Result "1-0"]
[WhiteElo "1810"]
[BlackElo "1787"]

1.c4 f5 2.g3 Nf6 3.Bg2 e6 4.Nc3 Be7 5.d3 Nc6 6.e4 fxe4 7.dxe4 d6 8.Nge2 e5
9.O-O Be6 10.Nd5 O-O 11.h3 Bxd5 12.cxd5 Nb8 13.Qb3 Nbd7 14.Qxb7 Nc5 15.Qb4 Rb8
16.Qc4 a5 17.a3 Nb3 18.Rb1 Nd7 19.Be3 Rb7 20.Nc1 Ndc5 21.Bxc5 Nxc5 22.b4 Qb8
23.Nb3 Nxe4 24.Bxe4 axb4 25.Na5 Rb6 26.Nc6 Qe8 27.Rxb4 Rxb4 28.axb4 {#r} 1-0

[Event "TV2 Elo Open 2017"]
[Site "Fagernes NOR"]
[Date "2017.04.11"]
[Round "4"]
[White "Lang,Gu jr"]
[Black "Stai,Sondre"]
[Result "1-0"]
[WhiteElo "1753"]
[BlackElo "1644"]

1.e4 e5 2.f4 exf4 3.Nf3 Ne7 4.d4 Ng6 5.Nc3 Be7 6.Nd5 Bh4+ 7.Ke2 O-O 8.Nxf4 Re8
9.Qd3 b6 10.g3 Ba6 11.c4 Nxf4+ 12.Bxf4 d5 13.Qc2 Rxe4+ 14.Kd2 Bf6 15.Bd3 Re8
16.Bxh7+ Kh8 17.Bd3 dxc4 18.Bxc4 Bxd4 19.Kc1 Bb7 20.Ng5 Qxg5 21.Bxg5 Bxh1
22.Qd1 f6 23.Qh5# 1-0

[Event "TV2 Elo Open 2017"]
[Site "Fagernes NOR"]
[Date "2017.04.11"]
[Round "4"]
[White "Larsen,Per Magnus"]
[Black "Nass,Maria"]
[Result "0-1"]
[WhiteElo "1361"]
[BlackElo "1659"]

1.d4 f5 2.Nc3 Nf6 3.Bf4 g6 4.e3 Bg7 5.Bc4 d6 6.Nf3 e6 7.h3 O-O 8.O-O Kh8 9.Be2
Nc6 10.Qd2 Qe7 11.Rad1 e5 12.dxe5 dxe5 13.Bg5 h6 14.Bxf6 Qxf6 15.e4 f4 16.Nd5
Qf7 17.Nh2 Be6 18.g3 Bxh3 19.gxf4 Bxf1 20.Bxf1 exf4 21.c3 Rad8 22.Bg2 Ne5
23.Qe2 f3 24.Nxf3 Nxf3+ 25.Bxf3 Qxf3 26.Qxf3 Rxf3 27.Kg2 Rff8 28.Re1 c6 29.Ne7
Kh7 30.Re2 Rd7 31.Nd5 cxd5 32.exd5 Rxd5 33.Re7 Rb5 {#R} 0-1

[Event "TV2 Elo Open 2017"]
[Site "Fagernes NOR"]
[Date "2017.04.11"]
[Round "4"]
[White "Grindbakken,Erik"]
[Black "Gabrielsen,Rasmus Arvola"]
[Result "1-0"]
[WhiteElo "1644"]
[BlackElo "1484"]

1.d4 Nf6 2.c4 g6 3.Nc3 Bg7 4.e4 d6 5.h3 O-O 6.Bg5 a5 7.Bd3 e5 8.d5 Na6 9.Nge2
Bd7 10.a3 Nc5 11.Bc2 b6 12.O-O Qc8 13.f3 Nh5 14.g4 Nf6 15.Ng3 Qb7 16.b4 axb4
17.axb4 Rxa1 18.Qxa1 Na6 19.Ba4 Bxa4 20.Qxa4 Rc8 21.Ra1 Nb8 22.Nb5 Ne8 23.Qc2
Nd7 24.Ra7 Qb8 25.Qa4 Ndf6 26.Ra6 Qb7 27.Ra7 Qb8 28.Nc3 Rd8 29.Kg2 h6 30.Be3
Qc8 31.b5 Qb8 32.Na2 Kf8 33.Nb4 Qc8 34.Nc6 Rd7 35.Ra8 Qb7 36.Rb8 {#r} 1-0

[Event "TV2 Elo Open 2017"]
[Site "Fagernes NOR"]
[Date "2017.04.11"]
[Round "4"]
[White "Greibrokk,Maria"]
[Black "Smedsrud,Morten S"]
[Result "1-0"]
[WhiteElo "1638"]
[BlackElo "1352"]

1.e4 c6 2.d4 d5 3.exd5 cxd5 4.Nf3 Bf5 5.Nc3 Nf6 6.Bf4 a6 7.Be2 Nc6 8.O-O e6
9.a3 Rc8 10.Qd2 Be7 11.Ne5 O-O 12.Nf3 b5 13.Nh4 Ne4 14.Nxe4 Bxe4 15.Nf3 Bf6
16.Ne5 Nxe5 17.dxe5 Rxc2 18.Qd1 Be7 19.b3 Bc5 20.Bd3 Bxf2+ 21.Rxf2 Rxf2
22.Kxf2 Qb6+ 23.Kf1 f6 24.Bxe4 fxe5 25.Bf3 Rxf4 26.Qc1 g5 27.Ke1 e4 28.Be2
Qf2+ 29.Kd2 e3+ 30.Kd3 e5 31.Qc8+ Kg7 32.Qc7+ Kf6 33.Qd6+ Kf5 34.g4+ Rxg4
35.Qd7+ Kg6 36.Qxg4 e4+ 37.Kc2 {#r} 1-0

[Event "TV2 Elo Open 2017"]
[Site "Fagernes NOR"]
[Date "2017.04.11"]
[Round "4"]
[White "Leonhardsen,Vebjorn Maanum"]
[Black "Engevik,Sissel Merete"]
[Result "1-0"]
[WhiteElo "1282"]
[BlackElo "1185"]

1.d4 d5 2.Nf3 Bg4 3.e3 Nf6 4.Be2 e6 5.Nc3 Bd6 6.O-O O-O 7.Ng5 Bxe2 8.Qxe2 Bb4
9.Bd2 Bxc3 10.Bxc3 h6 11.Nf3 Ne4 12.Bb4 Nd6 13.Ne5 Re8 14.Qf3 f6 15.Nd3 Nc6
16.Bd2 Nc4 17.Bc3 e5 18.dxe5 fxe5 19.Qd1 d4 20.exd4 exd4 21.Bd2 Nxd2 22.Qxd2
Qg5 23.Qxg5 hxg5 24.f4 gxf4 25.Rxf4 Re2 26.Rf2 Rxf2 27.Kxf2 Rf8+ 28.Ke2 Re8+
29.Kd2 Ne5 30.Nxe5 Rxe5 31.Re1 Rxe1 32.Kxe1 c5 33.Kd2 b5 34.Kd3 g5 35.Ke4 Kg7
36.g3 Kh6 37.h3 Kh5 38.Kd5 d3 39.cxd3 g4 40.h4 a6 41.Kxc5 Kh6 42.d4 {#r} 1-0

[Event "TV2 Elo Open 2017"]
[Site "Fagernes NOR"]
[Date "2017.04.11"]
[Round "4"]
[White "Mansoor,Areeb"]
[Black "Skrede,Alexander"]
[Result "1-0"]
[WhiteElo "1061"]
[BlackElo "1055"]

1.e4 c6 2.d4 d5 3.e5 Bf5 4.Nf3 e6 5.a3 Ne7 6.Nc3 g6 7.Bd3 Bxd3 8.Qxd3 Nf5
9.Bg5 Qc7 10.Bf6 Bg7 11.Bxg7 Nxg7 12.O-O Nd7 13.Ng5 Nb6 14.Qf3 h6 15.Qh3 O-O-O
16.Nf3 Kb8 17.Rfe1 Qe7 18.Qh4 g5 19.Qg4 Rdg8 20.h3 Nf5 21.Nd2 h5 22.Qe2 Nxd4
23.Qd3 Nf5 24.b3 g4 25.Na4 Nxa4 26.bxa4 gxh3 27.Qxh3 Nh4 28.g3 Qg5 29.Nb3 Nf3+
30.Kf1 Nxe1 31.Kxe1 Qxe5+ 32.Kf1 Qf6 33.Nc5 Qxa1+ 34.Kg2 Kc7 35.Qh4 Kd6 36.Qb4
Qd1 37.Nb3+ Ke5 38.Qf4# 1-0

[Event "Pieniny Masters 2017"]
[Site "Lesnica SVK"]
[Date "2017.04.11"]
[Round "2.1"]
[White "Kraus,To"]
[Black "Gazik,Viktor"]
[Result "0-1"]
[WhiteElo "2418"]
[BlackElo "2422"]

1.d4 f5 2.c4 Nf6 3.Nc3 g6 4.g3 Bg7 5.Bg2 O-O 6.Nh3 Nc6 7.d5 Ne5 8.Qb3 d6 9.Nf4
c5 10.Bd2 Rb8 11.a4 a6 12.h4 h6 13.e4 fxe4 14.Nxe4 Bf5 15.Nxf6+ Rxf6 16.O-O
Qe8 17.Ne6 Bxe6 18.dxe6 Nc6 19.Bc3 Nd4 20.Bxd4 cxd4 21.a5 g5 22.hxg5 hxg5
23.Qd1 Qg6 24.Qxd4 Qh5 25.Qd1 g4 26.Re1 Rbf8 27.Re2 Rh6 28.Re3 Qh2+ 29.Kf1
Rhf6 30.Qe2 Rxf2+ 31.Qxf2 Rxf2+ 32.Kxf2 Bd4 33.Re1 b6 34.axb6 Bxb6 35.Kf1 a5
36.b3 Kg7 37.R1e2 Bxe3 38.Rxe3 Kf6 39.Bd5 Qd2 40.Re4 Qd3+ {#R} 0-1

[Event "Pieniny Masters 2017"]
[Site "Lesnica SVK"]
[Date "2017.04.11"]
[Round "2.4"]
[White "Kreisl,R"]
[Black "Repka,C"]
[Result "1-0"]
[WhiteElo "2435"]
[BlackElo "2461"]

1.c4 Nf6 2.Nc3 e5 3.g3 h5 4.Nf3 Nc6 5.Bg2 d5 6.cxd5 Nxd5 7.Nxe5 Nxc3 8.Nxc6
Nxd1 9.Nxd8 Nxf2 10.Nxf7 Nd3+ 11.exd3 Kxf7 12.O-O+ Ke8 13.d4 Be7 14.d3 Bf6
15.Bf4 Bxd4+ 16.Kh1 c6 17.Rae1+ Kd8 18.Bg5+ Kc7 19.Rf7+ Kb6 20.Re4 c5 21.b4 a5
22.bxc5+ Bxc5 23.Re5 Ra6 24.a4 Rg8 25.d4 Bxd4 26.Rb5+ Ka7 27.Rbxb7+ {#r} 1-0

[Event "Pieniny Masters 2017"]
[Site "Lesnica SVK"]
[Date "2017.04.11"]
[Round "2.5"]
[White "Pacher,M"]
[Black "Zilka,S"]
[Result "0-1"]
[WhiteElo "2459"]
[BlackElo "2523"]

1.c4 c6 2.Nf3 d5 3.g3 g6 4.Bg2 Bg7 5.O-O e5 6.d3 Ne7 7.Nbd2 O-O 8.Rb1 a5 9.a3
b5 10.b4 bxc4 11.dxc4 Bf5 12.Rb2 e4 13.Nh4 Be6 14.cxd5 cxd5 15.Qc2 axb4
16.Rxb4 Nbc6 17.Rb1 g5 18.Nxe4 gxh4 19.Ng5 Bf5 20.e4 Nd4 21.Qd3 dxe4 22.Bxe4
Qd5 23.Rd1 Bxe4 24.Nxe4 f5 25.Nc3 Qc6 {#R} 0-1

[Event "Pieniny Ladies 2017"]
[Site "Lesnica SVK"]
[Date "2017.04.11"]
[Round "2.1"]
[White "Hiebler,L"]
[Black "Froewis,A"]
[Result "1-0"]
[WhiteElo "2029"]
[BlackElo "2087"]

1.e4 e5 2.Nf3 Nc6 3.Bb5 a6 4.Ba4 Nf6 5.O-O b5 6.Bb3 Bc5 7.c3 d6 8.a4 Rb8 9.d4
Bb6 10.Na3 O-O 11.axb5 axb5 12.Nxb5 Bg4 13.Bc2 Bxf3 14.gxf3 Nh5 15.Kh1 Qh4
16.Be3 exd4 17.cxd4 f5 18.Qd3 Kh8 19.Rg1 Nb4 20.Qe2 f4 21.Bc1 Nxc2 22.Qxc2 Qh3
23.Qe2 Rf6 24.Bd2 c6 25.e5 dxe5 26.dxe5 Rh6 27.Nd6 Qe6 28.Ba5 Bc5 29.Bc7 Rf8
30.Ne4 Bd4 31.Ng5 Qe7 32.e6 Ng3+ 33.fxg3 Qxg5 34.e7 Re8 35.Bxf4 Bxg1 36.Bxg5
Rxh2+ 37.Qxh2 Bxh2 38.Kxh2 h6 39.Rd1 Kg8 40.Rd8 {#r} 1-0

[Event "40th San Sebastian Open"]
[Site "Donostia ESP"]
[Date "2017.04.11"]
[Round "5.4"]
[White "Del Rey,D"]
[Black "Cinza Lopez,J"]
[Result "1-0"]
[WhiteElo "2356"]
[BlackElo "2011"]

1.d4 d5 2.Bg5 Bf5 3.e3 Nd7 4.c4 Bxb1 5.Rxb1 c6 6.b4 Ngf6 7.Bxf6 Nxf6 8.c5 a6
9.Bd3 g6 10.f4 Bg7 11.Nf3 O-O 12.O-O Nd7 13.Qc2 f5 14.g4 e6 15.g5 h6 16.gxh6
Bxh6 17.Kh1 Rf7 18.Rg1 Rg7 19.Rg3 Qf6 20.a4 Kh8 21.Qg2 Rag8 22.b5 axb5 23.axb5
Ra8 24.Rg1 Rag8 25.bxc6 bxc6 26.Bc2 Nb8 27.Ba4 Qe7 28.Ne5 g5 29.Rh3 Rh7
30.fxg5 Bxg5 31.Nf3 Rg7 32.Nxg5 Rxh3 33.Qxh3+ Kg8 34.Qh6 e5 35.Qe6+ Kh8
36.Qc8+ Rg8 37.Qxf5 exd4 38.Nf7+ {#r} 1-0

[Event "FSIM April 2017"]
[Site "Budapest HUN"]
[Date "2017.04.11"]
[Round "9.1"]
[White "Zlatin,Alexander"]
[Black "Ilincic,Z"]
[Result "0-1"]
[WhiteElo "2195"]
[BlackElo "2401"]

1.e4 e5 2.Nf3 Nf6 3.Nxe5 d6 4.Nf3 Nxe4 5.Nc3 Nf6 6.d4 d5 7.Bd3 Be7 8.h3 Nbd7
9.O-O Nf8 10.Re1 Ne6 11.Ne2 Qd6 12.c3 O-O 13.Ne5 c5 14.Ng3 g6 15.Be3 cxd4
16.cxd4 Qb6 17.Qf3 Qxb2 18.Ne2 Kg7 19.g4 Qa3 20.Ng3 Ng8 21.Qxd5 f6 22.Nxg6
hxg6 23.Bxg6 Ng5 24.Bxg5 fxg5 25.Bf5 Nf6 26.Qb3 Qxb3 27.axb3 Bb4 28.Rec1 Bxf5
29.Nxf5+ Kg6 30.f3 a5 31.h4 gxh4 32.Rc7 Kg5 33.Rg7+ Kf4 34.Kf2 Rac8 35.Ne3 h3
36.Ra2 Be1+ 37.Kxe1 Kxe3 38.Kd1 Kxf3 39.Rxa5 h2 40.Rf5+ Kg2 41.Ke2 Rce8+ {#R}
0-1

[Event "FSIM April 2017"]
[Site "Budapest HUN"]
[Date "2017.04.11"]
[Round "9.2"]
[White "Rydstrom,Tom"]
[Black "Stigar,P"]
[Result "1-0"]
[WhiteElo "2313"]
[BlackElo "2235"]

1.Nc3 d5 2.e4 e6 3.d4 Bb4 4.e5 Ne7 5.a3 Bxc3+ 6.bxc3 c5 7.Qg4 Qc7 8.Qxg7 Rg8
9.Qxh7 cxd4 10.Ne2 Nbc6 11.f4 dxc3 12.h4 Bd7 13.h5 O-O-O 14.Qd3 Nf5 15.Rb1 d4
16.Rh3 f6 17.exf6 e5 18.f7 Rgf8 19.g4 Nd6 20.Bg2 e4 21.Qg3 Qa5 22.Kf1 Qd5
23.f5 Bxf5 24.gxf5 Qa2 25.Rb4 Nxb4 26.axb4 Qxc2 27.Qe1 Nxf5 28.Nxd4 Rxd4
29.Rxc3+ Rc4 30.Rxc2 Rxc2 31.Bxe4 Ng3+ 32.Qxg3 Rxc1+ 33.Ke2 {#r} 1-0

[Event "FSFM April 2017"]
[Site "Budapest HUN"]
[Date "2017.04.11"]
[Round "10.2"]
[White "Lukacs,Albert"]
[Black "Szalanczy,E"]
[Result "0-1"]
[WhiteElo "1952"]
[BlackElo "2217"]

1.e4 c5 2.Nf3 d6 3.Nc3 Nf6 4.d4 cxd4 5.Nxd4 g6 6.Be2 Bg7 7.O-O Nc6 8.Be3 O-O
9.Kh1 Bd7 10.Nb3 Rc8 11.f4 Be6 12.Nd2 a6 13.Bf3 b5 14.a3 Qc7 15.h4 Rfd8 16.f5
Bd7 17.h5 Ne5 18.h6 Bh8 19.g4 Bc6 20.g5 Nfd7 21.Bg2 Rf8 22.Qe2 Qb7 23.Rad1 a5
24.Nb3 Nc4 25.Nd5 Nde5 26.fxg6 Nxg6 27.Nd4 Bxd5 28.exd5 Nxe3 29.Qxe3 Bxd4
30.Qxd4 Ne5 31.b3 Qd7 32.Rf4 Rxc2 33.Rdf1 Qc8 34.Qd1 Qc3 35.R1f2 {#R} 0-1

[Event "ch-KAZ Women 2017"]
[Site "Almaty KAZ"]
[Date "2017.04.11"]
[Round "9.4"]
[White "Nakhbayeva,G"]
[Black "Rysbayeva,K"]
[Result "1-0"]
[WhiteElo "2304"]
[BlackElo "2043"]

1.d4 d5 2.c4 c6 3.Nc3 Nf6 4.e3 Bf5 5.cxd5 cxd5 6.Qb3 Bc8 7.f4 g6 8.Nf3 a6
9.Ne5 e6 10.Bd2 Bg7 11.Bd3 O-O 12.O-O Nfd7 13.e4 dxe4 14.Nxe4 Qb6 15.Bb4 Qxd4+
16.Kh1 Nxe5 17.fxe5 Rd8 18.Rad1 Nc6 19.Bb5 Qxe5 20.Bxc6 Rxd1 21.Rxd1 Qc7
22.Qd3 Bd7 23.Bxd7 Bxb2 24.Be7 Be5 25.Bd6 Bxd6 26.Qxd6 Qxd6 27.Nxd6 b5 28.Rf1
Rf8 29.Rxf7 Rd8 30.h3 e5 31.Re7 Kf8 32.Rxh7 Kg8 33.Re7 Kf8 34.Rf7+ Kg8 35.Kg1
a5 36.Re7 Kf8 37.Re8+ Rxe8 38.Nxe8 b4 39.Ba4 Ke7 40.Kf2 Ke6 41.g4 g5 42.Ke3
Kd5 43.Nf6+ {#r} 1-0

[Event "6th Zurich Opening Blitz"]
[Site "Zurich SUI"]
[Date "2017.04.12"]
[Round "1.4"]
[White "Nepomniachtchi,I"]
[Black "Svidler,P"]
[Result "0-1"]
[WhiteElo "2751"]
[BlackElo "2747"]

1.e4 c5 2.Nf3 Nf6 3.e5 Nd5 4.Nc3 Nxc3 5.dxc3 e6 6.Bf4 b6 7.Qd2 Bb7 8.O-O-O Qc7
9.h4 h6 10.h5 Nc6 11.Bg3 O-O-O 12.Rh4 Ne7 13.Ra4 Kb8 14.Bd3 g5 15.Qe2 Bc6
16.Ra3 Nf5 17.Bxf5 exf5 18.e6 f4 19.e7 Re8 20.exf8=Q Rhxf8 21.Qa6 fxg3 22.fxg3
Re3 23.c4 Rxa3 24.Qxa3 Qxg3 25.Qe3 f6 26.Qe7 Qf4+ 27.Kb1 Rc8 28.b3 g4 29.Nh4
Qe5 30.Qxe5+ fxe5 31.Rd6 Rh8 32.Rg6 Kc7 33.Kc1 Rf8 34.Rxh6 g3 35.Rh7 Rf4
36.Ng6 Rf1+ 37.Kb2 Bxg2 38.Nxe5 Be4 39.Rxd7+ Kc8 40.Rg7 g2 41.h6 g1=Q {#R} 0-1

[Event "6th Zurich Opening Blitz"]
[Site "Zurich SUI"]
[Date "2017.04.12"]
[Round "2.2"]
[White "Anand,V"]
[Black "Nepomniachtchi,I"]
[Result "0-1"]
[WhiteElo "2786"]
[BlackElo "2751"]

1.e4 c5 2.Nf3 d6 3.d4 Nf6 4.dxc5 Nxe4 5.cxd6 Nc6 6.Bd3 Nxd6 7.O-O g6 8.Re1 Bg7
9.c3 O-O 10.h3 Bf5 11.Bxf5 Nxf5 12.Nbd2 Qc7 13.Ne4 Rad8 14.Qe2 b6 15.g4 Nd6
16.Bf4 e5 17.Nxd6 Rxd6 18.Nxe5 Re8 19.Qc4 Rde6 20.Nf3 Qd7 21.Red1 Qb7 22.Qd5
h6 23.Nd4 Bxd4 24.cxd4 Qe7 25.Rac1 Qf6 26.Bg3 Rd8 27.Qg2 Nxd4 28.Kh1 Rde8
29.b3 Nf3 30.Qf1 h5 31.gxh5 gxh5 32.Rc4 Re1 {#R} 0-1

[Event "6th Zurich Opening Blitz"]
[Site "Zurich SUI"]
[Date "2017.04.12"]
[Round "4.3"]
[White "Pelletier,Y"]
[Black "Nepomniachtchi,I"]
[Result "1-0"]
[WhiteElo "2541"]
[BlackElo "2751"]

1.d4 f5 2.g3 g6 3.Bg2 Bg7 4.Nf3 Nf6 5.O-O O-O 6.c4 d6 7.Nc3 Qe8 8.d5 Na6 9.Rb1
c6 10.dxc6 bxc6 11.b4 Rb8 12.a3 Bb7 13.Be3 Ng4 14.Bd4 e5 15.Bxa7 Ra8 16.Bb6 e4
17.Nd4 Ne5 18.Qb3 Qf7 19.c5 Nc4 20.Rfd1 e3 21.Nxc6 Nd2 22.Ne7+ Kh8 23.Qxf7
Rxf7 24.Bxb7 Rxe7 25.Bxa8 Bxc3 26.cxd6 Rd7 27.Bxe3 Nxb1 28.Bc6 Rd8 29.Rxb1
Rxd6 30.b5 Nb8 31.Bf4 Rd8 32.Bxb8 Rxb8 33.b6 Kg7 34.Rb3 Be5 35.a4 Kf6 36.a5
Bd4 37.e3 Bc5 38.Rb5 {#r} 1-0

[Event "6th Zurich Opening Blitz"]
[Site "Zurich SUI"]
[Date "2017.04.12"]
[Round "5.3"]
[White "Svidler,P"]
[Black "Pelletier,Y"]
[Result "0-1"]
[WhiteElo "2747"]
[BlackElo "2541"]

1.Nf3 d5 2.c4 e6 3.b3 Be7 4.Bb2 Nf6 5.g3 O-O 6.Bg2 dxc4 7.bxc4 c5 8.Ne5 Nfd7
9.Nd3 Qc7 10.O-O Nc6 11.f4 b6 12.f5 Rb8 13.e3 Nde5 14.Nxe5 Nxe5 15.Nc3 Nxc4
16.f6 Nxb2 17.Qg4 Bxf6 18.Rxf6 Bb7 19.Ne4 Qe5 20.Raf1 Bxe4 21.Bxe4 h5 22.Qh4
gxf6 23.Rxf6 Kg7 24.Rf5 exf5 {#R} 0-1

[Event "17th BCC Open 2017"]
[Site "Cha-Am THA"]
[Date "2017.04.12"]
[Round "5.1"]
[White "Gustafsson,J"]
[Black "Sengupta,D"]
[Result "1-0"]
[WhiteElo "2626"]
[BlackElo "2583"]

1.d4 Nf6 2.c4 e6 3.Nc3 Bb4 4.Qc2 d5 5.a3 Bxc3+ 6.Qxc3 Ne4 7.Qc2 c5 8.dxc5 Nc6
9.Nf3 Qa5+ 10.Bd2 Qxc5 11.e3 Nxd2 12.Nxd2 dxc4 13.Nxc4 Ne5 14.Qe4 Nxc4 15.Bxc4
Qc7 16.O-O Bd7 17.Rac1 Qb6 18.Bd3 Rd8 19.Qe5 O-O 20.Rc4 f6 21.Qe4 f5 22.Qe5
Qb5 23.Qc3 Qd5 24.e4 Qd6 25.exf5 exf5 26.Rc7 Qg6 27.Be2 Bc6 28.Bf3 Bxf3
29.Qxf3 f4 30.Rfc1 Rd3 31.Qxb7 f3 32.g3 Qg4 33.h4 Rfd8 34.Kh2 Qd4 35.R1c2 a5
36.Rf7 Qg4 37.Rcc7 {#r} 1-0

[Event "17th BCC Open 2017"]
[Site "Cha-Am THA"]
[Date "2017.04.12"]
[Round "5.2"]
[White "Short,N"]
[Black "Lei Tingjie"]
[Result "1-0"]
[WhiteElo "2683"]
[BlackElo "2471"]

1.e4 c6 2.Nf3 d5 3.Nc3 Nf6 4.e5 Ne4 5.Be2 Nxc3 6.dxc3 Bg4 7.Ng5 Bxe2 8.Qxe2 e6
9.Bf4 Nd7 10.O-O Be7 11.Qh5 g6 12.Qh6 Bf8 13.Qh3 Bg7 14.Rfe1 Qe7 15.a4 O-O-O
16.Qe3 h6 17.Nf3 g5 18.Bg3 Kb8 19.a5 Rc8 20.h3 Rhg8 21.b4 c5 22.b5 Bf8 23.c4
d4 24.Qe4 Bg7 25.Nd2 h5 26.a6 Nb6 27.Qh7 Qd7 28.Qxh5 g4 29.h4 Rh8 30.Qxg4 Rcg8
31.Qe4 Bf8 32.axb7 Qxb7 33.Qxb7+ Kxb7 34.Ra6 Be7 35.Rea1 Ra8 36.f3 Rh5 37.Kf2
Bxh4 38.Bxh4 Rxh4 39.Nb3 Nxc4 40.Nxc5+ Kb8 41.Nd7+ Kc8 42.Rxa7 Rxa7 43.Rxa7
Rh1 44.b6 {#r} 1-0

[Event "17th BCC Open 2017"]
[Site "Cha-Am THA"]
[Date "2017.04.12"]
[Round "5.9"]
[White "Xu,Minghui"]
[Black "Wang Hao"]
[Result "0-1"]
[WhiteElo "2283"]
[BlackElo "2690"]

1.d4 d6 2.Nf3 g6 3.c4 Nf6 4.Nc3 Bg7 5.e4 O-O 6.Be2 Na6 7.O-O e5 8.Be3 c6 9.d5
Ng4 10.Bg5 f6 11.Bh4 c5 12.Ne1 h5 13.Nd3 Bd7 14.a3 Nh6 15.f3 Nf7 16.b4 b6
17.Rb1 Bh6 18.Bf2 Nc7 19.bxc5 dxc5 20.a4 Ne8 21.a5 Ned6 22.Qb3 Rb8 23.Qa2 f5
24.Bd1 h4 25.Ba4 Bxa4 26.Qxa4 h3 27.exf5 hxg2 28.Kxg2 Qg5+ 29.Kh1 Qxf5 30.Qd1
e4 31.fxe4 Nxe4 32.Bd4 Ng3+ {#R} 0-1

[Event "17th BCC Open 2017"]
[Site "Cha-Am THA"]
[Date "2017.04.12"]
[Round "5.10"]
[White "Goganov,A"]
[Black "Causo,D"]
[Result "1-0"]
[WhiteElo "2605"]
[BlackElo "2285"]

1.d4 d5 2.c4 c6 3.Nf3 Nf6 4.e3 a6 5.Nc3 b5 6.b3 Bg4 7.Be2 Nbd7 8.h3 Bh5 9.Ne5
Bxe2 10.Nxe2 e6 11.O-O Rc8 12.Bb2 Be7 13.Rc1 bxc4 14.bxc4 Nxe5 15.dxe5 Nd7
16.Nf4 Nb6 17.cxd5 cxd5 18.Rxc8 Qxc8 19.Bd4 Qc6 20.Qe2 Nd7 21.Qb2 O-O 22.Rc1
Qa4 23.Qb3 Qa5 24.Qb7 Ba3 25.Rc7 Nc5 26.Bxc5 Bxc5 27.Nxe6 Qe1+ 28.Kh2 Qxf2
29.Nxc5 Qxe3 30.Qxd5 {#r} 1-0